000
00317nam a2200109Ia 4500
008
160531s9999 xx 000 0 und d
100
_a
Newman, Mark.
245
_a
Computational Physics with Python
245
_c
by Mark Newman
260
_c
2012
856
_u
http://www-personal.umich.edu/~mejn/computational-physics/
999
_c
295176
_d
295176